Southville International School and Colleges
Your cart is empty.
  • Cart
  • Lists
    Public lists list_1 View all
    Your lists Log in to create your own lists
  • Log in to your account
  • Your cookies
  • Search history
Southville International School and Colleges
  • Advanced search
  • Recent comments
  • Most popular
  • Libraries

Log in to your account

Log in with GOOGLE


If you do not have an external account, but do have a local account, you can still log in:

  1. Home
  2. MARC view: Area 51 /
Normal view MARC view ISBD view

Area 51 / (Record no. 276888)

[ view plain ]
MARC details
000 -LEADER
fixed length control field 00822nam a2200217Ia 4500
008 - FIXED-LENGTH DATA ELEMENTS--GENERAL INFORMATION
fixed length control field 120330s1997 ph 000 0 eng
020 ## - INTERNATIONAL STANDARD BOOK NUMBER
International Standard Book Number 0440220734
090 ## - LOCALLY ASSIGNED LC-TYPE CALL NUMBER (OCLC); LOCAL CALL NUMBER (OCLC)
Classification number (OCLC) (R) ; Classification number, CALL (RLIN) (NR) FIC D64a 1997
001 - CONTROL NUMBER
control field 120330131835125
100 1# - MAIN ENTRY--PERSONAL NAME
Personal name Doherty, Robert.
245 10 - TITLE STATEMENT
Title Area 51 /
Statement of responsibility, etc Robert Doherty.
260 ## - PUBLICATION, DISTRIBUTION, ETC. (IMPRINT)
Place of publication, distribution, etc New York :
Name of publisher, distributor, etc Dell Pub.,
Date of publication, distribution, etc 1997.
300 ## - PHYSICAL DESCRIPTION
Extent x, 372 p. ;
Dimensions 18 cm.
520 ## - SUMMARY, ETC.
Summary, etc Dr. Hans Von Seeckt, an original member of a 1940 government research team studying nine unidentified craft in the Antarctic, fears that the technology of the mother-ship poses a present threat to our planet.
650 #0 - SUBJECT ADDED ENTRY--TOPICAL TERM
Topical term or geographic name as entry element Science fiction.
650 #0 - SUBJECT ADDED ENTRY--TOPICAL TERM
Topical term or geographic name as entry element Science fiction.
Source of heading or term gsafd
650 #0 - SUBJECT ADDED ENTRY--TOPICAL TERM
Topical term or geographic name as entry element Space ships
Form subdivision Fiction.
650 #0 - SUBJECT ADDED ENTRY--TOPICAL TERM
Topical term or geographic name as entry element Unidentified flying objects
Form subdivision Fiction.
651 #0 - SUBJECT ADDED ENTRY--GEOGRAPHIC NAME
Geographic name Nellis Air Force Base (Nev.)
Form subdivision Fiction.
942 ## - ADDED ENTRY ELEMENTS (KOHA)
Source of classification or shelving scheme Library of Congress Classification
Koha item type Books
Holdings
Withdrawn status Lost status Source of classification or shelving scheme Damaged status Home library Current library Shelving location Date acquired Source of acquisition Total Checkouts Full call number Barcode Date last seen Price effective from Koha item type Public note
Withdrawn   Library of Congress Classification   College Library College Library Fiction Section 03/30/2012 Donation   FIC D64a 1997 000019 03/30/2012 11/03/2014 Books no longer in shelf

Area 51 /

APA

Doherty R., . (1997). Area 51. New York: Dell Pub.

Chicago

Doherty Robert, . 1997. Area 51. New York: Dell Pub.

Harvard

Doherty R., . (1997). Area 51. New York: Dell Pub.

MLA

Doherty Robert, . Area 51. New York: Dell Pub. 1997.

  • Print
  • Cite
  • Add to your cart (remove)
  • Save record
    BIBTEX Dublin Core MARCXML MARC (non-Unicode/MARC-8) MARC (Unicode/UTF-8) MARC (Unicode/UTF-8, Standard) MODS (XML) RIS
  • More searches
    Search for this title in:
    Other Libraries (WorldCat) Other Databases (Google Scholar) Online Stores (Bookfinder.com) Open Library (openlibrary.org)

Exporting to Dublin Core...

SOUTHVILLE LIBRARY

Southville International School and Colleges Library

1281 Tropical Ave. Cor. Luxembourg St., BF Homes International, Las Pinas City

Tel. No. 8256374 / 252358 Loc. 117/146

Powered by Koha